Albéniz y Granados

Saved in:
Bibliografiske detaljer
Hovedforfatter: Collet, Henri (Author)
Format: Bog
Sprog:spansk
Udgivet: Buenos Aires Grandes Biografías 1943
Serier:Los Maestros de la Música
Fag:
Tags: Tilføj Tag
Ingen Tags, Vær først til at tagge denne postø!

MARC

LEADER 00000nam a2200000 a 4500
001 UCN2416
003 CL-VaPUC
005 20230804114816.0
008 010518e19430000AG |||||||||||||||||spa|d
999 |c 295518  |d 295516 
040 |c Pontificia Universidad Católica de Valparaíso 
082 0 4 |a 780.92 COL 1943  |2 21 
100 0 |a Collet, Henri  |e author  |9 458263 
245 1 0 |a Albéniz y Granados 
260 |a Buenos Aires  |b Grandes Biografías  |c 1943 
300 |a 187 p 
490 0 |a Los Maestros de la Música 
583 |a last modification  |c 20010518 00:00:00  |k Rodrigo Vera 
600 0 |a Albéniz y Pascual, Isaac,  |2 CL-VaPUC  |9 625578  |d 1860-1909  |e author 
600 1 7 |a Granados, Enrique  |9 606703  |d 1867-1916  |e Compositor  |q Granados Campiña, Pantaleón Enrique Joaquín 
650 0 |a Compositores españoles  |2 CL-VaPUC  |9 456641 
650 0 |a Músicos españoles  |2 CL-VaPUC  |9 456691 
650 0 |a Pianistas  |9 306502 
650 0 |a Música, siglo 19  |2 CL-VaPUC  |9 456666 
942 |c BK  |2 ddc 
945 |d 20010518 00:00:00  |a crobeson